000 00701nam a2200277Ia 4500
001 Z_4338
003 CHAP
008 220113s1985 xx 000 0 und d
010 _a167408
040 _cCHAP
090 _aFolleto 239
100 _aCentro de Investigación Pecuarias del Estado de Sonora
_9141588
245 _a¿Qué es la inseminación artificial? /
_cpor CIPES
260 _aCarbo, Sonora :
_bEl centro,
_c1985
300 _a12 p. ; ilus.
440 _aRancho; 3 (25)
_9141598
500 _a
503 _a
650 _aInseminación artificial I. t.
_9141599
901 _aFolleto 239
902 _aA
910 _a1985
942 _cc14
942 _cc14
999 _c167408
_d167408